000 00435nam a2200145 a 4500
001 000026455
005 20240308073621.0
008 110318s1901 dr 000 0 spa d
040 _aDO-SdBNP
_bspa
_cBNPHU
100 1 _aCestero, Tulio M.,
_q(Tulio Manuel),
_d1877-1955
_91698
245 1 0 _aPor el cibao /
_cTulio M. Cestero.
260 _aSanto Domingo :
_bImpreso Cuna de América,
_c1901.
300 _a151 P. ;
_c18 cm.
049 _aBNPD
999 _c25947
_d25947